| 000 | 00844cam a2200193 4500 | ||
|---|---|---|---|
| 001 | ABS65447 | ||
| 008 | 020430n2002 000 0 eng u | ||
| 035 | _a(Sirsi) u117769 | ||
| 100 | _aWehner, P | ||
| 245 | _aElephant just a memory | ||
| 260 | _c2002 | ||
| 490 |
_aEstates Gazette _v(0216) 20 April 2002, 42-43(2) |
||
| 520 | _aLooks at why the £1.5bn plan to transform Elephant and Castle area fell through on 9 April 2002. Disagreements over split of any potential profits caused parting of developer Southwark Land Regeneration, Southwark Council and community group ElephantLinks. Council is actively seeking new development partner, so that regeneration will begin again after local elections in May 2002. | ||
| 590 | _aABS | ||
| 650 | _aELEPHANT AND CASTLE | ||
| 650 | _aSOUTHWARK LBC | ||
| 690 | _aREGENERATION | ||
| 942 | _n0 | ||
| 999 |
_c70121 _d70121 |
||